01360nam a22003257a 4500003000400000005001700004008004100021040002200062082001800084100003000102245003000132260006000162300002100222366000800243490002700251505007400278505010200352505001200454650006000466650005200526650005300578650004300631650004500674650005600719650004700775700003600822942002900858999001500887952013200902OSt20230616104619.0221006b |||||||| |||| 00| 0 eng d cBiblioteca Lado V a709.05bG851a 9855aGriffin, Timeeditor aArtforum/bInternacional/ aNew Yorkc2011bNew York editorial and business offices c26.5x27cma296p. eeng aMarzov2011x0864-1315 tCOLUMNSaOn Site Film Books Slant Architecture Curating Top Ten tFEATURESaIn Memory of Static Jean Genet Epic Theater Daughter Dearest 1000 Words Openings  tREVIEWS 2Tesauro de Arte & ArquitecturaaARTE COMTEMPORANEO9703 2Tesauro de Arte & ArquitecturaaFOTOGRAFIA9702 2Tesauro de Arte & ArquitecturaaARTE VISUAL9702 2Tesauro de Arte & ArquitecturaaLIBROS 2Tesauro de Arte & ArquitecturaaNOTICIAS 2 Tesauro de Arte & ArquitecturaaARTE INTERNACIONAL 2 Tesauro de Arte & ArquitecturaaESCULTURA aNavarreta, Jose Antonioeeditor 2ddcc1h709.05iG851an0 c3859d3859 00102ddc3201140708RevistasaLVbLVd2023-06-16hMarzoi002883l0o709.05 G851ap002883r2023-06-16 00:00:00w2023-06-16y1